Normal view
MARC view
- Electronic communication system
Entry Topical Term
001 - CONTROL NUMBER
- control field: 127400
003 - CONTROL NUMBER IDENTIFIER
- control field: NUST
005 - DATE AND TIME OF LATEST TRANSACTION
- control field: 20250108095337.0
008 - FIXED-LENGTH DATA ELEMENTS
- fixed length control field: 250108|| aca||aabn | a|a d
040 ## - CATALOGING SOURCE
- Original cataloging agency: NUST
- Transcribing agency: NUST
150 ## - HEADING--TOPICAL TERM
- Topical term or geographic name entry element: Electronic communication system
670 ## - SOURCE DATA FOUND
- Source citation: Work cat.: (NUST): William schweber 127399, Electronic communication system , 1991.
